| 000 | 01123nam a22002657a 4500 | ||
|---|---|---|---|
| 005 | 20211125132924.0 | ||
| 008 | 211117b sp ||||| |||| 00| 0 spa d | ||
| 020 | _a8425209854 | ||
| 050 | 0 | 4 |
_aNA2500 _bA44 1980 |
| 100 | 1 | _aAlexander, Christopher, | |
| 240 | 1 | 2 |
_aA pattern language towns, buildings, construction _lEspañol |
| 245 | 1 | 2 |
_aA pattern language / Un lenguaje de patrones _b : ciudades, edificios, construcciones, _c / Christopher Alexander, Sara Ishikawa, Murray Silverstein, con la colaboración de Max Jacobson, versión castellana de Justo G. Beramendi, revisión bibliográfica por Joaquim Romaguera i Ramio |
| 250 | _a1a ed. | ||
| 260 |
_aBarcelona, España : _bGustavo Gili, _c1980. |
||
| 300 |
_a1016 p.: _bil.; _c24 cm. |
||
| 490 | 0 | _aArquitectura / perspectivas | |
| 546 | _aTextos en ingles y español | ||
| 650 | 7 |
_2lemb _aSimbolismo en arquitectura |
|
| 650 | 7 |
_2lemb _aSemiótica |
|
| 700 | 1 |
_aIshikawa, Sara, _eautor |
|
| 700 | 1 |
_aJacobson, Max, _ecolaborador |
|
| 700 | 1 |
_aG. Beramendi, Justo. _etraductor. |
|
| 700 | 1 |
_aRomaguera, i Ramio, Joaquim, _erevisor. |
|
| 942 |
_2lcc _cLIB |
||
| 999 |
_c158927 _d158925 |
||